| 000 | 00334nam a22001217a 4500 | ||
|---|---|---|---|
| 008 | 141128b xxu||||| |||| 00| 0 eng d | ||
| 050 | _aPZ24.M979.B55 | ||
| 100 |
_aMurray, A.A. _912901 |
||
| 245 |
_aThe Blanket _b: a novel _c/ A.A. Murray |
||
| 260 |
_aLondon _bAndre Deutsch _c1957 |
||
| 300 |
_a192p. _c20cm. |
||
| 942 |
_2lcc _cMONOGRAPH |
||
| 999 |
_c121340 _d121340 |
||